A season in Sarawak
Uloženo v:
| Hlavní autor: | |
|---|---|
| Médium: | Kniha |
| Jazyk: | Undetermined |
| Vydáno: |
London
D. Dobson
1962
|
| Témata: | |
| Tagy: |
Přidat tag
Žádné tagy, Buďte první, kdo otaguje tento záznam!
|
| Thư viện lưu trữ: | Trung tâm Học liệu Trường Đại học Cần Thơ |
|---|
| LEADER | 00485nam a2200193Ia 4500 | ||
|---|---|---|---|
| 001 | CTU_90182 | ||
| 008 | 210402s9999 xx 000 0 und d | ||
| 082 | |a 919.115 | ||
| 082 | |b D554 | ||
| 100 | |a Dickson, Mora | ||
| 245 | 2 | |a A season in Sarawak | |
| 245 | 0 | |c Mora Dickson | |
| 260 | |a London | ||
| 260 | |b D. Dobson | ||
| 260 | |c 1962 | ||
| 650 | |a Sarawak | ||
| 650 | |x Description and travel | ||
| 904 | |i Năm,Hải | ||
| 980 | |a Trung tâm Học liệu Trường Đại học Cần Thơ | ||